Statistiques concernant Culture Générale - Série 582

Cliquez ici pour prendre le quiz!

Statistiques générales

  • Ce quiz a été pris 92 fois
  • Le résultat moyen est 7 sur 10

Statistiques - réponses

QuestionRéponse% Correct
Quelle langue parle un germanophone ?allemand
100%
Dans le film de Claude Zidi de 1980, quel examen national passent les Sous-doués ?Bac
96%
Dans la mythologie grecque, quelle montagne abrite le palais de Zeus ?Olympe
79%
Les deux criminels américains chantés par Serge Gainsbourg s'appelaient Bonnie Parker et Clyde...Barrow
70%
Dans la série de bande dessinée d'Uderzo et Goscinny, quel est le nom du chef du village d'Astérix ?Abraracourcix
67%
Dans quel sport parcourt-on le "fairway" ?golf
60%
Si l'aubade est le chant qu'un amoureux interprète à l'aube sous la fenêtre de sa dulcinée, comment s'appelle le chant qu'il donne la nuit ?sérénade
60%
Quel sex-symbol aux cheveux poivre et sel, tombe amoureux de Julia Roberts dans le film : "Pretty Woman" ?Richard Gere
59%
Quel acteur britannique incarne Harry Potter au cinéma ?Daniel Radcliffe
51%
Quelle est la ville natale de Patricia Kaas ?Forbach
12%

Distribution des résultats

Percentile par nombre de réponses

% des personnes avec chaque résultat

Votre développement - résultats

Vous n’avez pas pris ce quiz